000 00649nam a22002057a 4500
003 koha_MIRAKIL
005 20250605093751.0
008 250605b eng||||| |||| 00| 0 eng d
020 _a9780198471691
040 _aTR-IsEVY
_btur
_cTR-IsEVY
082 _a420 McG/H
100 _aMcGowan, Anthony
245 0 _aHamster rampage /
_cAnthony McGowan ; illustrated by Jon Stuart.
260 _aOxford :
_bOxford University Press,
_c2009.
300 _a32 p. :
_bcolour pictures ;
_c21 cm.
490 0 _aX Project.
650 _aEnglish Education.
_vChildren's literature.
_vReading Books.
700 1 _aStuart, Jon.
_cillustrated.
942 _2ddc
_cBK
999 _c22452
_d22452